• 首页
  • 本馆介绍
  • 公告通知
  • 最新文献
  • 馆藏检索
  • 电子资源
  • 读者导购
  • 参考咨询
  • 我的图书馆
  • 登录
  • 详细信息显示
  • 放入我的书架
  • 预约/预借图书
  • 作者相关作品
  • 分类相关作品
  • 丛书相关作品
  • 出版社相关作品

书目信息

  • 表格格式
  • 工作单格式
  • 卡片格式
题名:
教师教育创新与师范专业认证
    
 
作者: 戴立益 主编
分册:  
出版信息: 上海   华东师范大学出版社  2020.2
页数: 170页
开本: 24cm
丛书名:
单 册:
中图分类: G65
科图分类:
主题词: 教师教育--研究
电子资源:
ISBN: 978-7-5675-9690-0
000 01051nam0 2200265 45
001 012001004166
005 20141014144150.0
010    @a978-7-5675-9690-0@dCNY56.00
099    @aCAL 012020038581
100    @a20200327d2020 em y0chiy0110 ea
101 0  @achi
102    @aCN@b310000
105    @ak a 000yy
106    @ar
200 1  @a教师教育创新与师范专业认证@Ajiao shi jiao yu chuang xin yu shi fan zhuan ye ren zheng@f戴立益主编
210    @a上海@c华东师范大学出版社@d2020.2
215    @a170页@d24cm
320    @a有书目
330    @a本书集中呈现了教师教育创新实践的最新成果和政策解读,以华师大为主要蓝本,覆盖华中师大、浙师大等校案例,涵盖从师范教育到教师教育、从免费师范生到公费师范生、从高校本科教学工作水平评估到师范专业认证的演化和梳理、教师教育认证制度和师范专业认证制度分析、师范专业认证的理论分析(理念、原则和指标)、师范专业认证的实践。
333    @a师范专业学生、教师
606 0  @a教师教育@x研究
690    @aG65@v5
701  0 @a戴立益@Adai li yi@4主编
801    @aCN@bAHXH@c20210922
905    @b1329724-8@dG65@e127@f5
    
    教师教育创新与师范专业认证/戴立益主编.-上海:华东师范大学出版社,2020.2
    170页;24cm
    使用对象:师范专业学生、教师
    
    ISBN 978-7-5675-9690-0:CNY56.00
    本书集中呈现了教师教育创新实践的最新成果和政策解读,以华师大为主要蓝本,覆盖华中师大、浙师大等校案例,涵盖从师范教育到教师教育、从免费师范生到公费师范生、从高校本科教学工作水平评估到师范专业认证的演化和梳理、教师教育认证制度和师范专业认证制度分析、师范专业认证的理论分析(理念、原则和指标)、师范专业认证的实践。
●
相关链接 在E读中查询图书 在五车中查询图书 在当当中查询图书 在豆瓣中查询图书


正题名:教师教育创新与师范专业认证     索取号:G65/127         预约/预借

序号 登录号 条形码 馆藏地/架位号 状态 备注
1 1329724   213297243   第一样本阅览室/ [索取号:G65/127] 在馆    
2 1329725   213297252   教育系资料室/ [索取号:G65/127] 在馆    
3 1329726   213297261   教育系资料室/ [索取号:G65/127] 在馆    
4 1329727   213297270   第四借阅区/ [索取号:G65/127] 在馆    
5 1329728   213297289   第四借阅区/ [索取号:G65/127] 在馆    
唐山师范学院图书馆 欢迎您!
大连网信软件有限公司© 版权所有